| 000 | 01294nam a22002657a 4500 | ||
|---|---|---|---|
| 003 | OSt | ||
| 005 | 20211209155932.0 | ||
| 008 | 211209s1992 ck ||||gr|||| 00| 0 spa d | ||
| 020 | _a9582804386 | ||
| 040 |
_aCO-JMCR _cCO-JMCR |
||
| 041 | 1 |
_aspa _heng |
|
| 082 | 0 | 4 |
_a925.3 / _bW582s _223 |
| 100 | 1 |
_aWhite, Michael, _eautor _941816 |
|
| 245 | 1 | 0 |
_aStephen Hawking : _buna vida para la ciencia / _cMichael White y John Gribbin ; traducción de Domingo Santos |
| 260 |
_aBogotá : _bIntermedio Editores : _bEditorial Atlántida, _c1992 |
||
| 300 |
_a302 páginas ; _c21 cm. |
||
| 500 | _aTítulo original: Stephen Hawking : a life in science. | ||
| 504 | _aBibliografía: páginas 297-302 | ||
| 505 | 0 | _aEl día que murió Gallego -- En la universidad -- Doctores y doctorados -- Matrimonio y beca de investigación -- Años de descubrimiento -- Cuando los agujeros negros estallan -- Las colinas de la fama -- De vuelta al comienzo -- Ciencia y superestrellato -- Cuando el universo tiene bebés -- Historia del tiempo -- ¿El fin de la física? -- Hollywood, fama y fortuna | |
| 546 | _aTraducido del inglés. | ||
| 600 | 1 | 4 |
_aHawking, Stephen William, _d1942-2018 _941817 |
| 700 | 1 |
_aGribbin, John, _eautor _941818 |
|
| 700 | 1 |
_aSantos, Domingo, _etraductor _9134 |
|
| 942 |
_2ddc _cBK |
||
| 999 |
_c15650 _d15650 |
||